Oral History at a Distance.

Oral History at a Distance is the first publication to explore both the ideas behind and application of oral history in remote projects.

Bibliographic Details
Main Author: Sielaff, Steven.
Other Authors: Sloan, Stephen M., Cain Darough, Adrienne A., Holland, Michelle.
Format: eBook
Language:English
Published: Oxford : Taylor & Francis Group, 2024.
Edition:1st ed.
Series:Practicing Oral History Series
Subjects:
Online Access:Click to View
LEADER 03587nam a22004453i 4500
001 EBC31465674
003 MiAaPQ
005 20240729202206.0
006 m o d |
007 cr cnu||||||||
008 240729s2024 xx o ||||0 eng d
020 |a 9781040102817  |q (electronic bk.) 
020 |z 9781032068725 
035 |a (MiAaPQ)EBC31465674 
035 |a (Au-PeEL)EBL31465674 
035 |a (OCoLC)1439598300 
040 |a MiAaPQ  |b eng  |e rda  |e pn  |c MiAaPQ  |d MiAaPQ 
082 0 |a 907.2 
100 1 |a Sielaff, Steven. 
245 1 0 |a Oral History at a Distance. 
250 |a 1st ed. 
264 1 |a Oxford :  |b Taylor & Francis Group,  |c 2024. 
264 4 |c Ã2024. 
300 |a 1 online resource (249 pages) 
336 |a text  |b txt  |2 rdacontent 
337 |a computer  |b c  |2 rdamedia 
338 |a online resource  |b cr  |2 rdacarrier 
490 1 |a Practicing Oral History Series 
505 0 |a Cover -- Half Title -- Series -- Title -- Copyright -- Dedication -- Contents -- Acknowledgments -- Foreword -- Preface -- Section I Chapters -- 1 Introduction -- 2 Project Design -- 3 Ethical Considerations for Remote Projects -- 4 Managing Remote Projects -- 5 Interviewing at a Distance -- 6 Remote Recording Technology -- 7 Preserving Remote Recordings -- 8 Looking Ahead: Final Thoughts on Going Remote -- 9 Afterword -- Section II Case Studies -- 10 Interviewing Remotely: The Vietnam Center and Archive Oral History Project as a Case Study -- 11 The Utica Roots Oral History Project -- 12 Bridging Distance in Project-Based Research: The Cases of "Montreal Life Stories" and "Deindustrialization and the Politics of Our Time" -- 13 Moving Past "Analog" Remote Recording: Total Recorder, TheirStory, and the UW-Madison (Wisconsin) Oral History Program -- 14 A Community Connecting during a Pandemic: Case Study for Oral History at a Distance -- 15 Pivoting in Crisis: The Arthur Ashe Oral History Project at UCLA -- 16 Oral History at a Distance: A View from Australia -- 17 National Life Stories -- 18 TheirStory: How a Visit to the Anne Frank House Resulted in the Creation of an Oral History Platform -- Section III "Oral History at a Distance" Webinar Survey -- Section IV Appendix -- 19 Sample Project Design -- 20 Sample Memorandum of Understanding -- 21 BUIOH Cost Schedule for Oral History Interviewing and Processing -- 22 BUIOH Interviewer Deed-of-Gift Agreement -- 23 BUIOH Interviewee Deed-of-Gift Agreement -- 24 BUIOH Restricted Interviewee Deed-of-Gift Agreement -- 25 Sample BUIOH Interview Abstract -- 26 Sample BUIOH Interview Audio Log -- 27 BUIOH Transcription Assistant Contract -- 28 BUIOH Equipment Loan Agreement -- 29 BUIOH Email Template for Transcript Review Request -- Index. 
520 |a Oral History at a Distance is the first publication to explore both the ideas behind and application of oral history in remote projects. 
588 |a Description based on publisher supplied metadata and other sources. 
590 |a Electronic reproduction. Ann Arbor, Michigan : ProQuest Ebook Central, 2024. Available via World Wide Web. Access may be limited to ProQuest Ebook Central affiliated libraries.  
655 4 |a Electronic books. 
700 1 |a Sloan, Stephen M. 
700 1 |a Cain Darough, Adrienne A. 
700 1 |a Holland, Michelle. 
776 0 8 |i Print version:  |a Sielaff, Steven  |t Oral History at a Distance  |d Oxford : Taylor & Francis Group,c2024  |z 9781032068725 
797 2 |a ProQuest (Firm) 
830 0 |a Practicing Oral History Series 
856 4 0 |u https://ebookcentral.proquest.com/lib/matrademy/detail.action?docID=31465674  |z Click to View